000 00523nam a22002177a 4500
003 UA-OsUOA
001 36707
007 ta
008 20060210b un ||||| |||| 00| 0 ukr d
100 _aЛевицький М.
090 _a32
_bЛ11
942 _cSA
040 _aUA-OsUOA
_bukr
_cUA-OsUOA
_dUA-OsUOA
245 _aОдна Європа - два розуміння демократія?
300 _aС.2
955 _a0
041 _aukr
080 _a32
773 0 _w36706
650 7 _a32 Політика
_2UDC
999 _c322945
_d322945